Państwa bez liter K,R,A,J - Statystyki

Ogólne statystyki
  • Ten quiz został rozwiązany 41 razy
    21 od ostatniego zresetowania
  • Średni wynik to 9 z 16
Statystyki odpowiedzi
Odpowiedź % Poprawnych
Włochy
72%
Chile
67%
Niemcy
67%
Chiny
61%
Czechy
61%
Egipt
61%
Fidżi
61%
Belize
56%
Liechtenstein
56%
Lesotho
50%
Togo
50%
Benin
44%
Indie
44%
Dżibuti
39%
Filipiny
39%
Seszele
28%
Nie znaleziono quizów pasujących do podanych kryteriów
Rozkład punktacji
Procent ludzi z każdym wynikiem
Percentyl według liczby udzielonych odpowiedzi
Twoja historia wyników
Nie rozwiązałeś tego quizu od ostatniego zresetowania